00449nam a22001337a 4500003000400000008004100004020001800045100002000063245004200083250002500125260005500150300004800205650006200253OSt200708b ||||| |||| 00| 0 eng d a9789386827425 aSwain, Dharitri aNursing Administration and Management a1st, August 14, 2018 aNew DelhibCBS Publishers & Distributors Pvt. Ltd. aPg. 327, Dimensions: 9.2 x 6.7 x 1.8 inches aCommunity Pharmacy and Health Education and Communication